000 00355nam a2200145 a 4500
003 AR-BaBNM
005 20251128203343.0
008 082120s2002 ||||||||||||||000 | spa||
040 _cAR-BaBNM
100 1 _aRivlin, Harry N.
245 0 0 _aEnciclopedia de la educación moderna
_n1
260 _aBuenos Aires
_bLosada
_c1946
942 _cBK
998 _cGiles
999 _c3015
_d3015